[Event "Guernsey Open 2012"]
[Site "?"]
[Date "2012.10.21"]
[Round "1"]
[White "Nebel, Uwe"]
[Black "Narciso, Marc"]
[Result "0-1"]
[WhiteElo "2015"]
[BlackElo "2535"]
[PlyCount "50"]
[EventDate "2012.10.21"]
[EventType "swiss"]
[SourceDate "2012.10.30"]

1. e4 e6 2. d4 d5 3. Nd2 Nf6 4. e5 Nfd7 5. f4 c5 6. Ndf3 Nc6 7. c3 Qb6 8. Ne2
g6 9. g3 a5 10. a4 Qc7 11. Bh3 c4 12. f5 gxf5 13. Nf4 Be7 14. Nxe6 fxe6 15. Ng5
Ndxe5 16. Qh5+ Ng6 17. Nxh7 Kf7 18. O-O Bf6 19. g4 Nce7 20. Bf4 Qd8 21. Be5
Bxe5 22. gxf5 exf5 23. Bxf5 Nxf5 24. Rxf5+ Bxf5 25. Qxf5+ Kg7 0-1

[Event "Guernsey Open 2012"]
[Site "?"]
[Date "2012.10.21"]
[Round "1"]
[White "Hebden, Mark"]
[Black "Canonne, Antoine"]
[Result "1-0"]
[WhiteElo "2529"]
[BlackElo "2014"]
[PlyCount "45"]
[EventDate "2012.10.21"]
[EventType "swiss"]
[SourceDate "2012.10.30"]

1. d4 Nc6 2. Nf3 d5 3. c4 Bg4 4. Nc3 e6 5. Bf4 Bd6 6. Bg3 Bxg3 7. hxg3 Nf6 8.
Ne5 Nxe5 9. dxe5 Nd7 10. Qd4 Bf5 11. cxd5 exd5 12. O-O-O c6 13. e4 Bxe4 14.
Nxe4 dxe4 15. Qxe4 Qe7 16. f4 g6 17. Rd6 O-O-O 18. Qb4 Kb8 19. Bc4 c5 20. Qd2
f6 21. Rd1 Kc7 22. exf6 Nxf6 23. Qa5+ 1-0

[Event "Guernsey Open 2012"]
[Site "?"]
[Date "2012.10.21"]
[Round "1"]
[White "Houska, Jovanka"]
[Black "Hawkins, Nick"]
[Result "1-0"]
[WhiteElo "2398"]
[BlackElo "2001"]
[PlyCount "101"]
[EventDate "2012.10.21"]
[EventType "swiss"]
[SourceDate "2012.10.30"]

1. d4 f5 2. g3 e6 3. Bg2 Nf6 4. Nf3 d5 5. c4 c6 6. O-O Bd6 7. Qc2 O-O 8. Bf4
Bxf4 9. gxf4 Qe8 10. Nbd2 Ne4 11. e3 Nd7 12. c5 Qh5 13. Ne1 Ndf6 14. f3 Nxd2
15. Qxd2 Bd7 16. Nd3 Rad8 17. Kh1 Kh8 18. Ne5 Bc8 19. Rg1 Nd7 20. Nd3 Rf6 21.
Qf2 Rg8 22. Bf1 g5 23. fxg5 Rxg5 24. Rxg5 Qxg5 25. Be2 Qh6 26. b4 Rf8 27. a4
Qf6 28. f4 Rg8 29. b5 Qd8 30. Bh5 Rg7 31. Qe1 Qe7 32. Bf3 Rg8 33. Rb1 Nb8 34.
Bh5 Rg7 35. Ne5 cxb5 36. axb5 Nd7 37. Nd3 Nf6 38. Bf3 Ne4 39. Bxe4 fxe4 40. Ne5
Bd7 41. c6 Be8 42. Rc1 bxc6 43. bxc6 Qd6 44. h3 Kg8 45. Rc2 Bh5 46. Qh4 Qb8 47.
Rb2 Qe8 48. Nd7 Bf3+ 49. Kh2 Qc8 50. Qf6 Rf7 51. Qxe6 1-0

[Event "Guernsey Open 2012"]
[Site "?"]
[Date "2012.10.21"]
[Round "1"]
[White "Campbell, Ian"]
[Black "Godard, Maxence"]
[Result "0-1"]
[WhiteElo "2000"]
[BlackElo "2371"]
[PlyCount "90"]
[EventDate "2012.10.21"]
[EventType "swiss"]
[SourceDate "2012.10.30"]

1. d4 Nf6 2. Nf3 e6 3. g3 d5 4. Bg2 c5 5. O-O Nc6 6. c3 Bd7 7. h3 Rc8 8. Be3
Qb6 9. Qb3 Qa5 10. Nbd2 b6 11. a3 Qa6 12. Rfe1 Be7 13. Rac1 O-O 14. Bf1 Na5 15.
Qa2 cxd4 16. Bxd4 Qb7 17. Ne5 Nc6 18. Ndf3 Nxd4 19. cxd4 Bb5 20. Qb1 Ne4 21. e3
Bxf1 22. Rxf1 Bd6 23. Rxc8 Rxc8 24. Rc1 Rc7 25. Nd3 Qc8 26. Rxc7 Qxc7 27. Nfe1
h5 28. Qc2 Qc4 29. b3 Qxc2 30. Nxc2 g5 31. b4 Nd2 32. Kg2 g4 33. hxg4 hxg4 34.
a4 Kf8 35. a5 bxa5 36. bxa5 Ke8 37. Ncb4 Kd7 38. Nc5+ Bxc5 39. dxc5 Nb3 40. f3
gxf3+ 41. Kxf3 Nxa5 42. e4 d4 43. e5 Nc6 44. Nd3 a5 45. Ke4 a4 0-1

[Event "Guernsey Open 2012"]
[Site "?"]
[Date "2012.10.21"]
[Round "1"]
[White "Mack, Wolfgang"]
[Black "Kirby, Peter"]
[Result "1-0"]
[WhiteElo "2283"]
[BlackElo "1999"]
[PlyCount "55"]
[EventDate "2012.10.21"]
[EventType "swiss"]
[SourceDate "2012.10.30"]

1. c4 Nf6 2. g3 g6 3. Bg2 d5 4. cxd5 Nxd5 5. Nc3 Nb6 6. Nf3 Bg7 7. O-O Nc6 8.
a3 a5 9. d3 O-O 10. Be3 e5 11. Na4 Nd5 12. Bg5 f6 13. Bd2 Nd4 14. Nxd4 exd4 15.
Qb3 Be6 16. Nc5 Bf7 17. Nxb7 Qd7 18. Qc2 Rfe8 19. Rfe1 Qb5 20. Nc5 Rab8 21.
Rab1 Nc3 22. bxc3 Qxc5 23. a4 f5 24. c4 c6 25. Rxb8 Rxb8 26. Rb1 Rxb1+ 27. Qxb1
Qa7 28. Bxc6 1-0

[Event "Guernsey Open 2012"]
[Site "?"]
[Date "2012.10.21"]
[Round "1"]
[White "Staniforth, Matthew"]
[Black "Brooks, Philip"]
[Result "1/2-1/2"]
[WhiteElo "1999"]
[BlackElo "2230"]
[PlyCount "51"]
[EventDate "2012.10.21"]
[EventType "swiss"]
[SourceDate "2012.10.30"]

1. e4 e6 2. d4 d5 3. exd5 exd5 4. c4 Bb4+ 5. Nc3 Ne7 6. Nf3 O-O 7. Bd3 dxc4 8.
Bxc4 Nd7 9. O-O Nb6 10. Bd3 Bf5 11. Ne4 Qd5 12. Qc2 Bg6 13. Bf4 Rac8 14. a3 Bd6
15. Nxd6 cxd6 16. Qd2 Bxd3 17. Qxd3 Ng6 18. Bd2 Ne5 19. Nxe5 dxe5 20. Bc3 Rfd8
21. Rad1 Rc4 22. Rfe1 f6 23. Qh3 exd4 24. Rxd4 Rxd4 25. Bxd4 Qxd4 26. Qe6+
1/2-1/2

[Event "Guernsey Open 2012"]
[Site "?"]
[Date "2012.10.21"]
[Round "1"]
[White "Broek, Thomas"]
[Black "Spanton, Timothy R"]
[Result "1-0"]
[WhiteElo "2217"]
[BlackElo "1994"]
[PlyCount "31"]
[EventDate "2012.10.21"]
[EventType "swiss"]
[SourceDate "2012.10.30"]

1. e4 e5 2. Nf3 Nc6 3. Bc4 d6 4. d4 exd4 5. Nxd4 g6 6. O-O Bg7 7. c3 Nge7 8.
Bg5 h6 9. Bh4 O-O 10. Nxc6 bxc6 11. f4 d5 12. exd5 cxd5 13. Bb3 c6 14. Nd2 Qb6+
15. Kh1 Ba6 16. Bxe7 1-0

[Event "Guernsey Open 2012"]
[Site "?"]
[Date "2012.10.21"]
[Round "1"]
[White "Von Saldern, Rudiger"]
[Black "Norman, Kenneth I"]
[Result "0-1"]
[WhiteElo "1999"]
[BlackElo "2190"]
[PlyCount "92"]
[EventDate "2012.10.21"]
[EventType "swiss"]
[SourceDate "2012.10.30"]

1. d4 Nf6 2. c4 g6 3. Nc3 d5 4. Bg5 Ne4 5. Nxe4 dxe4 6. Bd2 Bg7 7. e3 c5 8. Bc3
Nc6 9. Ne2 Bg4 10. d5 Bxc3+ 11. bxc3 Ne5 12. Qa4+ Bd7 13. Qc2 Nd3+ 14. Kd2 Nxf2
15. Rg1 e6 16. Nf4 exd5 17. Nxd5 O-O 18. Be2 Be6 19. Qb3 Bxd5 20. cxd5 Qd6 21.
Rgf1 Nd3 22. Bxd3 exd3 23. g3 b5 24. a4 c4 25. Qxb5 Rac8 26. e4 Rc5 27. Qb7 Rc7
28. Qb4 Qe5 29. Rae1 Rcc8 30. Rf4 Rfd8 31. Qb5 Re8 32. h4 Qd6 33. Ref1 Re7 34.
Qb4 Qe5 35. Qb5 Qc7 36. Qa6 Qc5 37. Qf6 Rb8 38. R1f2 Rb2+ 39. Kc1 Rxf2 40. Rxf2
Qe3+ 41. Kb2 Qxe4 42. h5 Rb7+ 43. Ka2 Qe8 44. Qc6 Qxc6 45. dxc6 Rc7 46. Rf6 Kf8
0-1

[Event "Guernsey Open 2012"]
[Site "?"]
[Date "2012.10.21"]
[Round "1"]
[White "Jackson, Oliver A"]
[Black "Lehmann, Stefan"]
[Result "1/2-1/2"]
[WhiteElo "2189"]
[BlackElo "1992"]
[PlyCount "170"]
[EventDate "2012.10.21"]
[EventType "swiss"]
[SourceDate "2012.10.30"]

1. e4 c5 2. Nc3 d6 3. f4 Nc6 4. Nf3 g6 5. Bc4 Bg7 6. O-O Nf6 7. d3 O-O 8. Qe1
Bg4 9. Qh4 Bxf3 10. Rxf3 e6 11. f5 Ne5 12. Rh3 Nh5 13. Bg5 Bf6 14. Bxf6 Qxf6
15. Qxf6 Nxf6 16. fxe6 Nxc4 17. exf7+ Rxf7 18. dxc4 a6 19. Rf1 Raf8 20. Rd3 Rd7
21. e5 Ne8 22. Rxf8+ Kxf8 23. Ne4 Ke7 24. exd6+ Nxd6 25. Nxd6 Rxd6 26. Rxd6
Kxd6 27. Kf2 Ke5 28. Ke3 h5 29. c3 a5 30. h4 Kf5 31. Kf3 a4 32. b3 a3 33. b4 b6
34. b5 Ke5 35. g4 hxg4+ 36. Kxg4 Ke4 37. Kg5 Kd3 38. Kxg6 Kc2 39. h5 Kb2 40. h6
Kxa2 41. h7 Kb2 42. h8=Q a2 43. Qh2+ Kb1 44. Qh1+ Kb2 45. Qc6 a1=Q 46. Qxb6
Qg1+ 47. Kf7 Qf1+ 48. Ke7 Qxc4 49. Kd6 Qf4+ 50. Kxc5 Qe5+ 51. Kc6 Qxc3+ 52. Qc5
Qf3+ 53. Kc7 Qf7+ 54. Kb8 Qe8+ 55. Kb7 Qd7+ 56. Ka6 Qe6+ 57. Ka5 Qa2+ 58. Kb6
Qe6+ 59. Qc6 Qe3+ 60. Kb7 Qe7+ 61. Qc7 Qe4+ 62. Qc6 Qe7+ 63. Kc8 Qf8+ 64. Kc7
Qe7+ 65. Qd7 Qe5+ 66. Kb7 Qe4+ 67. Kb8 Qf4+ 68. Qc7 Qf8+ 69. Kb7 Qf3+ 70. Qc6
Qf7+ 71. Ka6 Qa2+ 72. Kb6 Qf7 73. Qb7 Qe6+ 74. Ka7 Qa2+ 75. Kb8 Qg8+ 76. Qc8
Qg3+ 77. Qc7 Qg8+ 78. Kb7 Qd5+ 79. Qc6 Qf7+ 80. Kb6 Qe7 81. Qg2+ Ka1 82. Qb7
Qe3+ 83. Kc7 Qe5+ 84. Kd7 Qg7+ 85. Kc8 Qh8+ 1/2-1/2

[Event "Guernsey Open 2012"]
[Site "?"]
[Date "2012.10.21"]
[Round "1"]
[White "Fathallah, Joe"]
[Black "Morin, Yves"]
[Result "1/2-1/2"]
[WhiteElo "1986"]
[BlackElo "2183"]
[PlyCount "47"]
[EventDate "2012.10.21"]
[EventType "swiss"]
[SourceDate "2012.10.30"]

1. d4 Nf6 2. c4 d6 3. Nc3 e5 4. Nf3 Nbd7 5. g3 Be7 6. Bg2 O-O 7. O-O Re8 8. b4
a5 9. b5 exd4 10. Qxd4 Nc5 11. Bb2 Bf8 12. Rfe1 Nfe4 13. Rad1 Nxc3 14. Bxc3 Bd7
15. Nh4 Qe7 16. Ba1 c6 17. bxc6 bxc6 18. Rb1 Rab8 19. e3 Rec8 20. Red1 Qe8 21.
Bc3 Rxb1 22. Rxb1 Rb8 23. Qd1 Rxb1 24. Qxb1 1/2-1/2

[Event "Guernsey Open 2012"]
[Site "?"]
[Date "2012.10.21"]
[Round "1"]
[White "Gant, Christopher"]
[Black "Rowe, Peter"]
[Result "0-1"]
[WhiteElo "2170"]
[BlackElo "1986"]
[PlyCount "74"]
[EventDate "2012.10.21"]
[EventType "swiss"]
[SourceDate "2012.10.30"]

1. d4 d6 2. c4 Nf6 3. Nc3 Nbd7 4. Nf3 e5 5. Bg5 Be7 6. e3 c6 7. Qc2 exd4 8.
exd4 d5 9. c5 O-O 10. Bd3 Re8 11. O-O Nf8 12. Rfe1 Bg4 13. Ne5 Bh5 14. b4 a6
15. a4 N6d7 16. Nxd7 Qxd7 17. Bf5 Qc7 18. Be3 Bg6 19. b5 axb5 20. axb5 Bxf5 21.
Qxf5 Bf6 22. b6 Qc8 23. Qd3 Qg4 24. h3 Qh4 25. Ra7 Rab8 26. Ne2 Ne6 27. Rd1 g6
28. Qd2 Bg5 29. Bxg5 Nxg5 30. Ra3 Ne4 31. Qf4 Qxf4 32. Nxf4 Ra8 33. Rda1 Rxa3
34. Rxa3 Nd2 35. Re3 Kf8 36. Nxd5 Ra8 37. Nf4 Ra1+ 0-1

[Event "Guernsey Open 2012"]
[Site "?"]
[Date "2012.10.21"]
[Round "1"]
[White "Bakker, Joop"]
[Black "Goater, Kevin P"]
[Result "1-0"]
[WhiteElo "1982"]
[BlackElo "2147"]
[PlyCount "101"]
[EventDate "2012.10.21"]
[EventType "swiss"]
[SourceDate "2012.10.30"]

1. Nc3 b6 2. e4 Bb7 3. f4 e6 4. Nf3 Ne7 5. g3 g6 6. Bg2 Bg7 7. d4 d5 8. e5 Ba6
9. Ne2 c5 10. c3 O-O 11. O-O cxd4 12. Nfxd4 Nd7 13. a4 Qc7 14. Kh1 Nc5 15. Nb5
Qd7 16. Ned4 Rfd8 17. Re1 Nf5 18. Be3 Nxd4 19. cxd4 Ne4 20. Bf1 f5 21. Rc1 Bf8
22. Rc7 Qe8 23. Qb3 Rd7 24. Rec1 Rxc7 25. Nxc7 Qd8 26. Bxa6 Rb8 27. Nxe6 Qd7
28. Nxf8 Rxf8 29. Bb5 Qf7 30. Rc6 g5 31. e6 Qh5 32. Bg1 Kh8 33. e7 Rg8 34. Re6
gxf4 35. e8=Q Nxg3+ 36. Kg2 Ne4+ 37. Kf1 Rxe8 38. Rxe8+ Kg7 39. Re7+ Kf6 40.
Be8 Nd2+ 41. Ke1 Nxb3 42. Bxh5 Kxe7 43. Bd1 Na5 44. Ke2 Kf6 45. Kf3 Kg5 46. Bf2
Nc4 47. h4+ Kf6 48. b3 Nd2+ 49. Kxf4 Ne4 50. Be1 a5 51. Bf3 1-0

[Event "Guernsey Open 2012"]
[Site "?"]
[Date "2012.10.21"]
[Round "1"]
[White "Sprotte, Norbert"]
[Black "Hermes, Geoff"]
[Result "1/2-1/2"]
[WhiteElo "2145"]
[BlackElo "1979"]
[PlyCount "43"]
[EventDate "2012.10.21"]
[EventType "swiss"]
[SourceDate "2012.10.30"]

1. d4 d6 2. Nf3 Bg4 3. e4 Nf6 4. Nc3 c6 5. Be2 e6 6. h3 Bh5 7. O-O d5 8. Bg5
Be7 9. exd5 cxd5 10. g4 Bg6 11. Ne5 Nc6 12. Nxg6 hxg6 13. Be3 Rxh3 14. Kg2 Rh8
15. Rh1 Kd7 16. Rxh8 Qxh8 17. Qd3 a6 18. a3 Qd8 19. Rh1 Kc7 20. Na4 b5 21. Nc3
Bd6 22. g5 1/2-1/2

[Event "Guernsey Open 2012"]
[Site "?"]
[Date "2012.10.21"]
[Round "1"]
[White "Downey, Keith"]
[Black "Heppell, Ian N"]
[Result "1/2-1/2"]
[WhiteElo "1957"]
[BlackElo "2118"]
[PlyCount "73"]
[EventDate "2012.10.21"]
[EventType "swiss"]
[SourceDate "2012.10.30"]

1. Nf3 d6 2. d4 Bg4 3. e4 Nf6 4. Nc3 e6 5. Be2 Be7 6. O-O d5 7. exd5 exd5 8.
Ne5 Bxe2 9. Qxe2 O-O 10. Qf3 c6 11. Be3 Nbd7 12. Nd3 Re8 13. Rfe1 Qc7 14. Bf4
Bd6 15. Ne2 Ne4 16. c3 Ndf6 17. Bxd6 Qxd6 18. Ne5 Re7 19. Ng3 Nxg3 20. Qxg3
Rae8 21. f3 Nd7 22. Nd3 Qxg3 23. hxg3 Rxe1+ 24. Rxe1 Rxe1+ 25. Nxe1 f6 26. g4
Kf7 27. Kf2 Nf8 28. Nd3 Ne6 29. Kg3 Ke7 30. a4 b6 31. Kf2 Kd6 32. Ke3 c5 33. b4
cxb4 34. cxb4 a6 35. Ne1 Kc6 36. Nd3 Kd6 37. Ne1 1/2-1/2

[Event "Guernsey Open 2012"]
[Site "?"]
[Date "2012.10.21"]
[Round "1"]
[White "Havenaar, Jan"]
[Black "Waters, Andrew C"]
[Result "1-0"]
[WhiteElo "2111"]
[BlackElo "1938"]
[PlyCount "53"]
[EventDate "2012.10.21"]
[EventType "swiss"]
[SourceDate "2012.10.30"]

1. Nc3 e5 2. Nf3 Nc6 3. d4 exd4 4. Nxd4 Nf6 5. Bg5 Be7 6. Nf5 O-O 7. Nxe7+ Qxe7
8. Nd5 Qe5 9. Bxf6 gxf6 10. c3 Ne7 11. Nxe7+ Qxe7 12. Qc2 d5 13. e3 c5 14.
O-O-O Qe5 15. Qd2 Be6 16. f4 Qe4 17. Bd3 Qa4 18. Bb1 f5 19. g4 fxg4 20. f5 Bd7
21. e4 d4 22. Rhg1 f6 23. Rxg4+ Kh8 24. Rdg1 dxc3 25. Qxc3 Qd4 26. Qh3 Ba4 27.
Qxh7+ 1-0

[Event "Guernsey Open 2012"]
[Site "?"]
[Date "2012.10.21"]
[Round "1"]
[White "Fassaert, Desire JM"]
[Black "Burrows, Martin"]
[Result "0-1"]
[WhiteElo "1939"]
[BlackElo "2108"]
[PlyCount "102"]
[EventDate "2012.10.21"]
[EventType "swiss"]
[SourceDate "2012.10.30"]

1. Nf3 Nf6 2. d4 e6 3. Bg5 h6 4. Bh4 c5 5. c3 b6 6. e3 Bb7 7. Nbd2 Be7 8. Bd3
cxd4 9. exd4 O-O 10. O-O d6 11. Qe2 Nh5 12. Bxe7 Qxe7 13. g3 Nf6 14. Nh4 Re8
15. f4 Nbd7 16. Rae1 Qf8 17. Bc4 a6 18. Qd3 Nd5 19. Bb3 N7f6 20. Bc2 g6 21. Ne4
{(=)} Nxe4 22. Qxe4 Qg7 23. Bb3 Rad8 24. Qe2 b5 25. a3 Nf6 26. Nf3 Bc6 27. Nd2
a5 28. Bc2 Ra8 29. Ne4 Nxe4 30. Bxe4 Bxe4 31. Qxe4 d5 32. Qd3 Reb8 33. Ra1 Qf8
34. Rfe1 Kg7 35. h4 h5 36. Qf3 Qd6 37. Re5 Rh8 38. Kf2 Rac8 39. Rh1 b4 40. axb4
axb4 41. Rhe1 Rc7 42. R1e3 Ra7 43. Re2 Qb6 44. g4 hxg4 45. Qxg4 bxc3 46. bxc3
Qb1 47. h5 Qh1 48. hxg6 f5 49. Qg1 Rh2+ 50. Kf1 Ra1+ 51. Re1 Qf3+ 0-1

[Event "Guernsey Open 2012"]
[Site "?"]
[Date "2012.10.21"]
[Round "1"]
[White "Dilleigh, Stephen"]
[Black "Ippel, Cornelius J"]
[Result "1-0"]
[WhiteElo "2099"]
[BlackElo "1935"]
[PlyCount "57"]
[EventDate "2012.10.21"]
[EventType "swiss"]
[SourceDate "2012.10.30"]

1. d4 e6 2. c4 d5 3. Nc3 c6 4. Nf3 Bd6 5. e4 dxe4 6. Nxe4 Nf6 7. Bd3 Nxe4 8.
Bxe4 Nd7 9. O-O Nf6 10. Bc2 h6 11. b3 O-O 12. Bb2 b6 13. Qd3 g6 14. Rfe1 Nh5
15. g3 Ng7 16. d5 cxd5 17. cxd5 e5 18. Nxe5 Bxe5 19. Rxe5 Bf5 20. Qd2 Bxc2 21.
Qxc2 Kh7 22. Rae1 Rc8 23. Qe4 Re8 24. Qd4 Qf6 25. Rxe8 Qxd4 26. Bxd4 Rxe8 27.
Rxe8 Nxe8 28. Be5 f6 29. d6 1-0

[Event "Guernsey Open 2012"]
[Site "?"]
[Date "2012.10.21"]
[Round "1"]
[White "Goris Schouwstra, Adry"]
[Black "Purdon, Colin"]
[Result "1/2-1/2"]
[WhiteElo "1929"]
[BlackElo "2099"]
[PlyCount "29"]
[EventDate "2012.10.21"]
[EventType "swiss"]
[SourceDate "2012.10.30"]

1. d4 d5 2. Nf3 Nf6 3. e3 Bf5 4. Bd3 Bg6 5. O-O e6 6. c4 c6 7. c5 Nbd7 8. b4
Qc7 9. Bb2 Be7 10. Qe2 Ne4 11. Ne5 f6 12. Nxd7 Kxd7 13. Nc3 Nxc3 14. Bxc3 Bxd3
15. Qxd3 1/2-1/2

[Event "Guernsey Open 2012"]
[Site "?"]
[Date "2012.10.21"]
[Round "1"]
[White "Wismayer, Clive R"]
[Black "Oehne, Timo"]
[Result "1-0"]
[WhiteElo "2099"]
[BlackElo "1926"]
[PlyCount "65"]
[EventDate "2012.10.21"]
[EventType "swiss"]
[SourceDate "2012.10.30"]

1. e4 c6 2. d4 d5 3. e5 Bf5 4. Nf3 e6 5. Be2 Nd7 6. O-O h6 7. Nbd2 c5 8. c4 Ne7
9. Re1 Nc6 10. cxd5 exd5 11. dxc5 Nxc5 12. Nb3 Ne6 13. Nbd4 Bg6 14. Bb5 Qb6 15.
Be3 Bc5 16. Bxc6+ bxc6 17. Rc1 O-O 18. Rxc5 Nxc5 19. Nb3 d4 20. Bxd4 Rfd8 21.
Nxc5 Bh5 22. Qa4 Bxf3 23. gxf3 Rd5 24. Qc4 Rad8 25. e6 Rxd4 26. exf7+ Kh7 27.
Qxd4 Rxd4 28. f8=Q Rd5 29. Ne6 Qxb2 30. Qe8 Qd2 31. Nf8+ Kh8 32. Nd7+ Kh7 33.
Nf6+ 1-0

[Event "Guernsey Open 2012"]
[Site "?"]
[Date "2012.10.21"]
[Round "1"]
[White "Gravett, Alan D"]
[Black "Collier, David O"]
[Result "0-1"]
[WhiteElo "1921"]
[BlackElo "2098"]
[PlyCount "44"]
[EventDate "2012.10.21"]
[EventType "swiss"]
[SourceDate "2012.10.30"]

1. g3 e5 2. Bg2 d6 3. c4 Nc6 4. Nc3 f5 5. d3 Nf6 6. Bg5 Be7 7. Nd5 O-O 8. h4
Nd4 9. e3 Ne6 10. Nh3 c6 11. Nxe7+ Qxe7 12. b4 h6 13. b5 Bd7 14. a4 hxg5 15.
hxg5 Ng4 16. bxc6 bxc6 17. f4 exf4 18. e4 fxg3 19. g6 Qf6 20. O-O Qxg6 21. exf5
Rxf5 22. Rxf5 Qxf5 0-1

[Event "Guernsey Open 2012"]
[Site "?"]
[Date "2012.10.21"]
[Round "1"]
[White "Taylor, Mark V"]
[Black "Taylor, Robert"]
[Result "1-0"]
[WhiteElo "2098"]
[BlackElo "1920"]
[PlyCount "75"]
[EventDate "2012.10.21"]
[EventType "swiss"]
[SourceDate "2012.10.30"]

1. d4 Nf6 2. c4 g6 3. Nc3 Bg7 4. e4 d6 5. Nf3 O-O 6. h3 Nbd7 7. Bg5 h6 8. Be3
c6 9. Be2 e5 10. d5 cxd5 11. cxd5 Ne8 12. g4 a5 13. Qd2 Kh7 14. Qc2 Nc5 15. Nd2
Na6 16. a3 Nc5 17. O-O-O Bd7 18. Kb1 Nc7 19. Nc4 Nb5 20. Nxd6 Nd4 21. Bxd4 exd4
22. Ncb5 Qb6 23. f4 a4 24. e5 Nb3 25. Qc7 Qxc7 26. Nxc7 Ra5 27. Ne4 g5 28. Bd3
Kh8 29. e6 Be8 30. f5 Be5 31. Nxe8 Rxe8 32. h4 Rxd5 33. hxg5 fxe6 34. Rxh6+ Kg8
35. Bc4 Rdd8 36. Bxe6+ Kf8 37. Nf6 Bxf6 38. gxf6 1-0

[Event "Guernsey Open 2012"]
[Site "?"]
[Date "2012.10.21"]
[Round "1"]
[White "Hickman, John"]
[Black "Van Dijk, Bram"]
[Result "1/2-1/2"]
[WhiteElo "1918"]
[BlackElo "2083"]
[PlyCount "69"]
[EventDate "2012.10.21"]
[EventType "swiss"]
[SourceDate "2012.10.30"]

1. e4 c6 2. d3 d5 3. Nd2 g6 4. Ngf3 Bg7 5. g3 dxe4 6. Nxe4 Bf5 7. Qe2 Qd7 8.
Bf4 Bxe4 9. dxe4 Bxb2 10. Rd1 Bc3+ 11. Bd2 Bxd2+ 12. Rxd2 Qc7 13. Bh3 e6 14.
O-O Nf6 15. Rfd1 O-O 16. e5 Nd5 17. c4 Nc3 18. Qe3 Nxd1 19. Qh6 f5 20. exf6
Rxf6 21. Ng5 Na6 22. Ne4 Qg7 23. Nxf6+ Qxf6 24. Rxd1 Nc5 25. Qe3 b6 26. Rd6 Rd8
27. Rxd8+ Qxd8 28. Bxe6+ Kg7 29. Qe5+ Qf6 30. Qc7+ Kh6 31. Bg8 Qg7 32. Qf4+ g5
33. Qd6+ Qg6 34. Qf8+ Qg7 35. Qd6+ 1/2-1/2

[Event "Guernsey Open 2012"]
[Site "?"]
[Date "2012.10.21"]
[Round "1"]
[White "Lewyk, Ihor"]
[Black "Finke, Maurice"]
[Result "1/2-1/2"]
[WhiteElo "2079"]
[BlackElo "1910"]
[PlyCount "107"]
[EventDate "2012.10.21"]
[EventType "swiss"]
[SourceDate "2012.10.30"]

1. Nf3 c5 2. c4 Nc6 3. g3 g6 4. Bg2 Bg7 5. O-O e5 6. Nc3 Nge7 7. d3 d6 8. Bg5
O-O 9. Qd2 a6 10. Nd5 f6 11. Nxe7+ Qxe7 12. Bh6 Rb8 13. Bxg7 Kxg7 14. Ne1 Nd4
15. e3 Ne6 16. Nc2 b5 17. b3 b4 18. d4 Bb7 19. d5 Ng5 20. f4 Nf7 21. e4 Bc8 22.
Ne3 Bd7 23. f5 g5 24. Bf3 Nd8 25. h4 h6 26. Kg2 Rh8 27. Rh1 Nb7 28. Rh2 Rbg8
29. Rah1 Qf8 30. Bh5 Be8 31. Qd1 Bxh5 32. Qxh5 Qe8 33. hxg5 hxg5 34. Qxe8 Rxe8
35. Ng4 Rxh2+ 36. Rxh2 Rh8 37. Rxh8 Kxh8 38. Nxf6 Kg7 39. Ng4 Nd8 40. Kf3 Nf7
41. Ne3 Nh6 42. Nd1 g4+ 43. Ke3 Kf6 44. Nb2 Nf7 45. Na4 Ke7 46. Nb6 Kd8 47. Na4
Ng5 48. Nb2 Nh7 49. Nd3 Nf6 50. Ne1 Ke8 51. Ng2 Kf7 52. Nh4 Ke8 53. Ng6 Kf7 54.
Nh4 1/2-1/2

[Event "Guernsey Open 2012"]
[Site "?"]
[Date "2012.10.21"]
[Round "1"]
[White "Dennis, Nigel W"]
[Black "Bolt, Graham"]
[Result "0-1"]
[WhiteElo "1915"]
[BlackElo "2063"]
[PlyCount "80"]
[EventDate "2012.10.21"]
[EventType "swiss"]
[SourceDate "2012.10.30"]

1. e4 g6 2. c4 Bg7 3. d4 d6 4. Nc3 a6 5. Nf3 Bg4 6. Be2 Nc6 7. Be3 e5 8. d5
Bxf3 9. Bxf3 Nce7 10. O-O h5 11. h4 Nh6 12. g3 Qd7 13. Kh2 f6 14. Bxh6 Rxh6 15.
Bg2 O-O-O 16. Bh3 f5 17. exf5 gxf5 18. Ne4 Kb8 19. Ng5 Rf8 20. Ne6 Rf7 21. Nxg7
Rxg7 22. b4 Qe8 23. a4 f4 24. a5 Qg6 25. Qb3 Nf5 26. Bxf5 Qxf5 27. b5 axb5 28.
a6 b6 29. cxb5 Rhg6 30. Qc3 Qd7 31. Qc4 Rg4 32. Qe2 Ka7 33. Rg1 e4 34. Rab1 e3
35. fxe3 Rxg3 36. Rxg3 Rxg3 37. Kh1 Qh3+ 38. Qh2 Qg4 39. Rg1 Qf3+ 40. Rg2 Rh3
0-1

[Event "Guernsey Open 2012"]
[Site "?"]
[Date "2012.10.21"]
[Round "1"]
[White "Westerkamp, Bert"]
[Black "Roberts, Malcolm A"]
[Result "1/2-1/2"]
[WhiteElo "2059"]
[BlackElo "1866"]
[PlyCount "85"]
[EventDate "2012.10.21"]
[EventType "swiss"]
[SourceDate "2012.10.30"]

1. e4 e6 2. d3 d5 3. Nd2 dxe4 4. Nxe4 Nd7 5. g3 Ngf6 6. Bg2 Be7 7. Nf3 Nxe4 8.
dxe4 b6 9. O-O Bb7 10. Qe2 O-O 11. Rd1 Qc8 12. Bg5 Bxg5 13. Nxg5 h6 14. Nh3 e5
15. Rd2 Nf6 16. Rad1 c5 17. f3 Qc7 18. Nf2 Rad8 19. c3 Rxd2 20. Rxd2 Rd8 21.
Nd1 Rd6 22. Ne3 Qd8 23. Rxd6 Qxd6 24. Nf5 Qd8 25. Bf1 Ne8 26. Qd3 Qxd3 27. Bxd3
Kf8 28. Kf2 f6 29. Bb5 Nc7 30. Bd7 Ba6 31. Ke3 Bf1 32. Bc6 Ba6 33. b3 Nb5 34.
Kd2 Nc7 35. a4 Bc8 36. Ne3 Ke7 37. Nd5+ Nxd5 38. Bxd5 Kd6 39. Ke3 g5 40. f4 Bg4
41. fxg5 fxg5 42. Bc4 a5 43. Bd5 1/2-1/2

[Event "Guernsey Open 2012"]
[Site "?"]
[Date "2012.10.21"]
[Round "1"]
[White "Murray, Steve"]
[Black "Casiot, David"]
[Result "1/2-1/2"]
[WhiteElo "1858"]
[BlackElo "2046"]
[PlyCount "61"]
[EventDate "2012.10.21"]
[EventType "swiss"]
[SourceDate "2012.10.30"]

1. e4 e5 2. Nf3 Nc6 3. Bc4 Bc5 4. c3 d6 5. d4 Bb6 6. dxe5 dxe5 7. Qxd8+ Kxd8 8.
Bxf7 Ke7 9. Bb3 Nf6 10. Bg5 Bg4 11. Nbd2 h6 12. Bxf6+ Kxf6 13. h3 Bh5 14. O-O
Rad8 15. Rad1 Rhf8 16. g4 Bf7 17. Kg2 Rd6 18. Bxf7 Rxf7 19. Nc4 Re6 20. Nxb6
axb6 21. Rd3 Ne7 22. Rd7 Ng6 23. Rfd1 Ree7 24. Rxe7 Kxe7 25. Kg3 Ke6 26. Rd2
Rf4 27. Re2 Rf8 28. Nh4 Nxh4 29. Kxh4 Rf3 30. g5 hxg5+ 31. Kxg5 1/2-1/2

[Event "Guernsey Open 2012"]
[Site "?"]
[Date "2012.10.21"]
[Round "1"]
[White "Lenier, Jude"]
[Black "Cummins, John"]
[Result "1-0"]
[WhiteElo "2046"]
[BlackElo "1844"]
[PlyCount "69"]
[EventDate "2012.10.21"]
[EventType "swiss"]
[SourceDate "2012.10.30"]

1. e4 c5 2. Nf3 d6 3. d4 cxd4 4. Nxd4 Nf6 5. Nc3 a6 6. Bg5 e6 7. f4 Be7 8. Qf3
Nbd7 9. O-O-O Qc7 10. g4 Rb8 11. Bxf6 Bxf6 12. g5 Be7 13. f5 Ne5 14. Qg3 b5 15.
fxe6 Bxe6 16. Nxe6 fxe6 17. Bh3 Qc4 18. b3 Qc5 19. Bxe6 Qa3+ 20. Kb1 Nc4 21.
Bxc4 bxc4 22. Nd5 cxb3 23. axb3 Rf8 24. e5 Qc5 25. Rd2 Rf5 26. exd6 Bxd6 27.
Re1+ Kf8 28. Qd3 Qc8 29. Ne3 Bb4 30. Nxf5 Bxd2 31. Qd6+ Kf7 32. Re7+ Kg8 33.
Rxg7+ Kh8 34. Rxh7+ Kxh7 35. Qh6+ 1-0